| 000 | 00698nam a2200241 a 4500 | ||
|---|---|---|---|
| 001 | BRCA_6789 | ||
| 005 | 20190320205606.0 | ||
| 008 | 311011s1952----u--#######---#000-0#eng-# | ||
| 041 | _aeng | ||
| 044 | _au | ||
| 050 | 4 |
_aN527 _b.F64 4 1952 |
|
| 245 | 1 | 0 |
_aFogg Art Museum _bAnnual Report 1951-52. |
| 260 |
_aEstados Unidos de Norteamérica _bHarvard University _c1952 |
||
| 300 |
_a40 p. _bil., 4 láminas _c21 cm. |
||
| 500 | _aIncluye apéndice e índice onomástico | ||
| 500 | _aVer también B244, DD47 y CEF39 | ||
| 500 | _aI147 | ||
| 610 | 2 | 4 |
_aFogg Art Museum _916930 |
| 650 | 1 | 4 |
_aGalerías y museos _zEstados Unidos _97437 |
| 650 | 1 | 4 |
_aArte _916931 |
| 902 | _aGFM | ||
| 942 |
_2lcc _cB |
||
| 999 |
_c6472 _d6472 |
||